Higiene escolar : biologia del alumno dentro y fuera de la escuela : guía práctica para médicos y educadores
Gespeichert in:
| 1. Verfasser: | |
|---|---|
| Format: | Buch |
| Sprache: | Spanisch |
| Erschienen: |
Madrid
: Francisco Beltrán, Librería española y extranjera
, [1933]
|
| Ausgabe: | 1ª ed. |
| Katalog: | MANES: Suchergebnis im Bibliothekskatalog |
| Schulbuchspezifische Eigenschaften: |
|
| Schriftenreihe: | Actualidades Pedagógicas Biblioteca Moderna de Filosofía y Ciencias Sociales
|
| Tags: |
Tag hinzufügen
Keine Tags, Fügen Sie den ersten Tag hinzu!
|
| Hinzugefügt zu: | 24.11.1999 |
| Geändert in: | 07.05.2025 |
MARC
| LEADER | 00000cam a2200000-i 4500 | ||
|---|---|---|---|
| 005 | 20250507134556.0 | ||
| 008 | 991125s1933 espa 000 0 spa d | ||
| 040 | |a uned |b spa |c entro-manes | ||
| 100 | 1 | |a Sainz de los Terreros, Carlos |9 40828 | |
| 245 | 1 | 0 | |a Higiene escolar : |b biologia del alumno dentro y fuera de la escuela : guía práctica para médicos y educadores / |c C. Sainz de los Terreros ; prólogo de Luis de Hoyos Sáinz |
| 250 | |a 1ª ed. | ||
| 260 | |a Madrid |b : Francisco Beltrán, Librería española y extranjera |c , [1933] | ||
| 300 | |a 494 p. : |b il. | ||
| 490 | 0 | |a Actualidades Pedagógicas |a Biblioteca Moderna de Filosofía y Ciencias Sociales | |
| 546 | |a España | ||
| 561 | |5 es-BUNED |3 L.T. 2981 |a España. Fondo Manes UNED |k MANES | ||
| 690 | 0 | |a ECS | |
| 942 | |2 ddc |c BK | ||
| 999 | |c 97697 |d 97697 | ||
| 999 | |c manes:97697 |d 97697 | ||